| 000 | 00601nam a22001817a 4500 | ||
|---|---|---|---|
| 999 |
_c20328 _d20328 |
||
| 008 | 240530b ||||| |||| 00| 0 eng d | ||
| 020 | _a971232690X | ||
| 082 |
_22000 _aDFil 334.2 _bF17 |
||
| 100 |
_aFajardo, Feliciano R. _957331 |
||
| 245 |
_aCooperatives / _cFeliciano R. Fajardo and Fabian P. Abella. |
||
| 250 | _aFourth edition. | ||
| 260 |
_aManila : _bRex Book Store, Inc., _c©2000. |
||
| 300 |
_aix, 308 pages : _billustrations ; _c25 cm. |
||
| 500 | _aIncludes bibliography. | ||
| 650 |
_aCooperative societies. _936548 |
||
| 700 |
_aAbella, Fabian P. _eauthor. _936549 |
||
| 942 |
_2ddc _cDFIL |
||